Mukhtasir Tareekh Zuban o Adab : Brahvi/ (Record no. 614197)
[ view plain ]
| 000 -LEADER | |
|---|---|
| fixed length control field | 00677nam a22001697a 4500 |
| 020 ## - INTERNATIONAL STANDARD BOOK NUMBER | |
| International Standard Book Number | 978-969-473-236-6 |
| Terms of availability | Donation from Khushbakht Saeedah |
| 082 ## - DEWEY DECIMAL CLASSIFICATION NUMBER | |
| Classification number | 891.439 |
| Author Mark | MUR |
| 100 ## - MAIN ENTRY--PERSONAL NAME | |
| Personal name | Murad, Afzal |
| 245 ## - TITLE STATEMENT | |
| Title | Mukhtasir Tareekh Zuban o Adab : Brahvi/ |
| Statement of responsibility, etc. | Afzal Murad |
| 260 ## - PUBLICATION, DISTRIBUTION, ETC. | |
| Place of publication, distribution, etc. | Islamabad` |
| Name of publisher, distributor, etc. | National Language Promotion Department (National Language Authority) |
| Date of publication, distribution, etc. | 2009 |
| 300 ## - PHYSICAL DESCRIPTION | |
| Other physical details | viii, 223 |
| Dimensions | 23cm. |
| 563 ## - BINDING INFORMATION | |
| Binding note | HB |
| 880 ## - ALTERNATE GRAPHIC REPRESENTATION | |
| Linkage | 100-01\(3\r |
| Title | مراد، افضل |
| 880 ## - ALTERNATE GRAPHIC REPRESENTATION | |
| Linkage | 245-02\(3\r |
| Title | مختصر تاریخ زبان و ادب : براہوی/ |
| b | افضل مراد |
| 880 ## - ALTERNATE GRAPHIC REPRESENTATION | |
| Linkage | 260-03\(3\r |
| Title | اسلام آباد: |
| b | مقتدرہ قومی زبان |
| 942 ## - ADDED ENTRY ELEMENTS (KOHA) | |
| Source of classification or shelving scheme | |
| Koha item type | Book |
| Withdrawn status | Lost status | Source of classification or shelving scheme | Damaged status | Not for loan | Permanent Location | Current Location | Date acquired | Total Checkouts | Full call number | Barcode | Date last seen | Price effective from | Koha item type |
|---|---|---|---|---|---|---|---|---|---|---|---|---|---|
| Central Library (CL) | Central Library (CL) | 07/10/2025 | 891.439 MUR | CL-D-2796 | 07/10/2025 | 07/10/2025 | Book |
